000 00608nam a2200193Ia 4500
008 250806s9999||||xx |||||||||||||| ||und||
020 _a9781455743773 ;9780323319737
060 _aQT 104
_b.M43 2017
245 0 _aMedical physiology /
_cedited by Walter F. Boron, Emile L. Boulpaep.
250 _a3rd ed.
260 _aPhiladelphia, PA :
_bElsevier,
_c[2017]
300 _axii, 1297 pages :
_bill.
_c27 cm.
504 _aIncludes index.
650 _aCell Physiological Phenomena
650 _aPhysiological Phenomena
700 _aBoron, Walter F.
700 _aBoulpaep, Emile L.
942 _bDIMC
_cBK
999 _c26005
_d26005